[Event "GER-ch 71st"]
[Site "Altenkirchen"]
[Date "1999.11.16"]
[Round "5"]
[White "Paulsen, Dirk"]
[Black "Kaster, Martin"]
[Result "1-0"]
[WhiteElo "2331"]
[BlackElo "2072"]
[EventDate "1999.11.12"]
[PlyCount "75"]

1. e4 c6 2. d4 d5 3. Nc3 dxe4 4. Nxe4 Nf6 5. Nxf6+ gxf6 6. Nf3 Bg4 7. Bc4 e6 8. Bf4 Bd6 9. Bg3 h5 10. Bh4 Nd7 11. O-O Qc7 12. Kh1 O-O-O 13. Bd3 Rdg8 14. c4 f5 15. c5 Bf4 16. b4 Bxf3 17. Qxf3 Rg4 18. g3 Bg5 19. Bxg5 Rxg5 20. b5 h4 21. bxc6 bxc6 22. Ba6+ Kd8 23. Rg1 hxg3 24. fxg3 Nf6 25. Rab1 Ng4 26. Rg2 Rh3 27. Rgb2 Rgh5 28. Rb8+ Ke7 29. R8b7 Rxh2+ 30. Kg1 Qxb7 31. Rxb7+ Kf6 32. Be2 R2h3 33. Bf1 Nh2 34. Qxc6 Rxg3+ 35. Bg2 Ng4 36. Rxf7+ Kg5 37. Qxe6 Kf4 38. Qd6+ 1-0

[Event "GER-ch 71st"]
[Site "Altenkirchen"]
[Date "1999.11.16"]
[Round "5"]
[White "Rohde, Ulrich"]
[Black "Von Herman, Ulf"]
[Result "1-0"]
[WhiteElo "2290"]
[BlackElo "2407"]
[EventDate "1999.11.12"]
[PlyCount "59"]

1. Nf3 Nf6 2. c4 c6 3. d4 d5 4. Qc2 g6 5. g3 Bg7 6. Bg2 O-O 7. O-O dxc4 8. Qxc4 Bf5 9. Bf4 Nbd7 10. Qc1 Rc8 11. Nc3 c5 12. d5 Nb6 13. Nh4 Nbxd5 14. Nxd5 Nxd5 15. Nxf5 gxf5 16. Bh6 e6 17. Bxg7 Kxg7 18. Rd1 Rc6 19. Qc4 Qf6 20. Bxd5 exd5 21. Qxd5 Qxb2 22. Rab1 Qxe2 23. Rxb7 Ra6 24. Rd7 Rxa2 25. Qxf5 Qc2 26. Qg5+ Qg6 27. Qxc5 Qb6 28. Qg5+ Qg6 29. Qd5 Qf6 30. Qxa2 1-0

[Event "GER-ch 71st"]
[Site "Altenkirchen"]
[Date "1999.11.16"]
[Round "5"]
[White "Schmidt, Reiner"]
[Black "Holzhaeuer, Mathias"]
[Result "1-0"]
[WhiteElo "2144"]
[BlackElo "2334"]
[EventDate "1999.11.12"]
[PlyCount "79"]

1. d4 Nf6 2. Nf3 e6 3. e3 b6 4. Bd3 c5 5. O-O Bb7 6. Nbd2 Nc6 7. b3 cxd4 8. exd4 Nd5 9. Ne5 Bb4 10. Qg4 O-O 11. Ndf3 f5 12. Qh3 Bc3 13. Bg5 Qc7 14. Rad1 Nxd4 15. Nxd4 Bxd4 16. Nf3 Bf6 17. c4 Nc3 18. Bxf6 Rxf6 19. Rd2 Qf4 20. Qg3 Qh6 21. Qh4 Qg6 22. Qh3 Qe8 23. Rc1 Ne4 24. Bxe4 fxe4 25. Ne1 Rc8 26. Nc2 Rc5 27. Ne3 Rh5 28. Qg3 Rg6 29. Qc7 Bc6 30. b4 b5 31. a4 a6 32. cxb5 Bd5 33. b6 Rgh6 34. h3 Kf7 35. b7 Bxb7 36. Rxd7+ Kf6 37. Qxb7 Rxh3 38. gxh3 Rxh3 39. Rxg7 Qh5 40. Qe7+ 1-0

[Event "GER-ch 71st"]
[Site "Altenkirchen"]
[Date "1999.11.16"]
[Round "5"]
[White "Schunk, Eduard"]
[Black "Osieka, Udo"]
[Result "1/2-1/2"]
[WhiteElo "2260"]
[BlackElo "2342"]
[EventDate "1999.11.12"]
[PlyCount "125"]

1. e4 c6 2. d4 d5 3. e5 Bf5 4. Nf3 e6 5. Be2 Nd7 6. O-O Ne7 7. Nh4 c5 8. c3 cxd4 9. cxd4 Be4 10. Nd2 Nc6 11. g3 Be7 12. Nxe4 dxe4 13. Ng2 O-O 14. Be3 Nb6 15. Kh1 Nd5 16. Qb1 f5 17. exf6 Nxf6 18. Nf4 Qd6 19. Bc4 Nd8 20. Qd1 Kh8 21. Qb3 e5 22. dxe5 Qxe5 23. Be2 Bc5 24. Bxc5 Qxc5 25. Rac1 Qb6 26. Qa3 Nc6 27. Rc5 Nd4 28. Bc4 Nc2 29. Qa5 Qd6 30. Qc7 Qxc7 31. Rxc7 Rfc8 32. Rxc8+ Rxc8 33. Be6 Re8 34. Bf7 Re7 35. Bb3 Nd4 36. Rd1 Nxb3 37. axb3 g6 38. Kg2 Kg8 39. Rd8+ Kf7 40. Rd6 e3 41. fxe3 Ng4 42. e4 g5 43. Nd3 Nf6 44. e5 Ng4 45. Kf3 Nxe5+ 46. Nxe5+ Rxe5 47. Rd7+ Kg6 48. Rxb7 Ra5 49. Rc7 Rb5 50. Rc3 Rb4 51. Ke3 Kf5 52. h3 h5 53. Rc5+ Kf6 54. Rc6+ Kf5 55. Rc5+ Kf6 56. Rc3 Kf5 57. Kd3 h4 58. g4+ Ke6 59. Kc2 Rf4 60. Re3+ Kd5 61. Kc3 a5 62. Kd3 Rf2 63. Kc3 1/2-1/2

[Event "GER-ch 71st"]
[Site "Altenkirchen"]
[Date "1999.11.16"]
[Round "5"]
[White "Seger, Ruediger"]
[Black "Lutz, Christopher"]
[Result "1/2-1/2"]
[WhiteElo "2412"]
[BlackElo "2591"]
[EventDate "1999.11.12"]
[PlyCount "94"]

1. e4 g6 2. d4 Bg7 3. Nf3 d6 4. c3 Nf6 5. Bd3 O-O 6. O-O Nc6 7. Re1 e5 8. h3 a6 9. dxe5 Nxe5 10. Nxe5 dxe5 11. Bg5 h6 12. Be3 Nh5 13. Bf1 Qf6 14. g3 Rd8 15. Qc2 Be6 16. Nd2 a5 17. a4 Kh7 18. Nc4 Qe7 19. b4 b6 20. b5 Bf6 21. Rad1 Rxd1 22. Rxd1 Bg5 23. Bxg5 Qxg5 24. h4 Qf6 25. Qd2 Re8 26. Qd3 Bxc4 27. Qxc4 Qe7 28. Qc6 Rd8 29. Rxd8 Qxd8 30. Bc4 Kg7 31. Bd5 Nf6 32. Kg2 Qd7 33. Qc4 Ne8 34. Bc6 Nd6 35. Qd3 Qe6 36. Bd5 Qe7 37. Qe2 Ne8 38. Qc4 Nf6 39. Qb3 h5 40. f3 Qd7 41. Qc4 Qe7 42. Kf1 Ne8 43. Kg2 Nd6 44. Qe2 Ne8 45. Qa2 Nf6 46. Qc4 Qd7 47. Kf2 Qe7 1/2-1/2

[Event "GER-ch 71st"]
[Site "Altenkirchen"]
[Date "1999.11.16"]
[Round "5"]
[White "Slobodjan, Roman"]
[Black "Heinemann, Thies"]
[Result "1-0"]
[WhiteElo "2550"]
[BlackElo "2489"]
[EventDate "1999.11.12"]
[PlyCount "70"]

1. e4 c5 2. Nf3 d6 3. c3 Nf6 4. Be2 Nbd7 5. d3 b6 6. O-O Bb7 7. Re1 g6 8. Nbd2 Bg7 9. Bf1 Ne5 10. d4 Nxf3+ 11. Qxf3 Nd7 12. d5 O-O 13. Nc4 e6 14. Qd1 Ne5 15. dxe6 fxe6 16. Qxd6 Qh4 17. Be3 Ng4 18. f3 Nxe3 19. Nxe3 h5 20. Qxe6+ Kh7 21. Qd7 Bc8 22. Qc7 Be6 23. Bc4 Rf7 24. Qg3 Qxg3 25. hxg3 Bxc4 26. Nxc4 b5 27. Ne3 b4 28. Nd5 Rb7 29. e5 bxc3 30. bxc3 Re8 31. f4 Rb2 32. Rab1 Rxa2 33. e6 Rd2 34. c4 h4 35. gxh4 Bd4+ 1-0

[Event "GER-ch 71st"]
[Site "Altenkirchen"]
[Date "1999.11.16"]
[Round "5"]
[White "Suhl, Dirk"]
[Black "Bruch, Jochen"]
[Result "1/2-1/2"]
[WhiteElo "2360"]
[BlackElo "2320"]
[EventDate "1999.11.12"]
[PlyCount "39"]

1. d4 Nf6 2. Nf3 e6 3. g3 c5 4. Bg2 Be7 5. O-O O-O 6. c4 cxd4 7. Nxd4 a6 8. Nc3 Qc7 9. Qd3 d6 10. b3 Bd7 11. Bb2 Nc6 12. Rac1 Qb6 13. e3 Rac8 14. Rfd1 Rfd8 15. Qe2 Be8 16. Ne4 Nxe4 17. Bxe4 Bf8 18. Bb1 g6 19. Nf3 Bg7 20. Bxg7 1/2-1/2

[Event "GER-ch 71st"]
[Site "Altenkirchen"]
[Date "1999.11.16"]
[Round "5"]
[White "Voigt, Roland"]
[Black "Marchio, Enrico"]
[Result "1-0"]
[WhiteElo "2147"]
[BlackElo "2289"]
[EventDate "1999.11.12"]
[PlyCount "103"]

1. e4 d5 2. exd5 Nf6 3. c4 c6 4. d4 cxd5 5. Nc3 g6 6. Nf3 Bg7 7. Be2 O-O 8. O-O dxc4 9. Bxc4 a6 10. a3 b5 11. Ba2 Nbd7 12. Bg5 Bb7 13. Ne5 Nb6 14. Re1 Nfd5 15. Rc1 Nxc3 16. Rxc3 Nd5 17. Rc5 Qd6 18. Bxd5 Bxd5 19. Bxe7 Qxe7 20. Nxg6 Qxe1+ 21. Qxe1 hxg6 22. Rxd5 Rfe8 23. Qd1 Rad8 24. Rxd8 Rxd8 25. d5 Bxb2 26. Qb3 Be5 27. g3 Bd6 28. Kg2 Rc8 29. Qe3 Rc5 30. Qe8+ Kg7 31. Qa8 a5 32. Qxa5 Rxd5 33. a4 Rc5 34. axb5 Rc2 35. b6 Bc5 36. b7 Rxf2+ 37. Kh3 Bd6 38. Qb6 Rd2 39. Qxd6 Rxd6 40. b8=Q Rd2 41. Qb4 Ra2 42. Qc4 Ra8 43. Kg4 Rh8 44. Qd4+ Kg8 45. h4 Rh5 46. Kh3 Rb5 47. Qd3 Rb8 48. Kg4 Re8 49. Qd7 Re4+ 50. Kg5 Kg7 51. Qc7 Rd4 52. Qe5+ 1-0

[Event "GER-ch 71st"]
[Site "Altenkirchen"]
[Date "1999.11.17"]
[Round "6"]
[White "Bastian, Herbert"]
[Black "Dettmann, Gerd"]
[Result "1-0"]
[WhiteElo "2405"]
[BlackElo "2184"]
[EventDate "1999.11.12"]
[PlyCount "81"]

1. e4 g6 2. d4 Bg7 3. c3 Nf6 4. Bd3 O-O 5. Nf3 d6 6. O-O Nbd7 7. Re1 e5 8. Nbd2 c6 9. a4 Qc7 10. dxe5 dxe5 11. a5 Nc5 12. Bf1 Rd8 13. Qc2 Re8 14. h3 Nh5 15. b4 Ne6 16. Nc4 Bd7 17. Rd1 c5 18. Ncxe5 Bxe5 19. Nxe5 Qxe5 20. Rxd7 cxb4 21. Bb2 Rac8 22. c4 b3 23. Qd2 Qxe4 24. Qc3 f6 25. g4 Nc5 26. Rd5 Ng7 27. Qxf6 Qe7 28. Qd4 Rc7 29. Bg2 Nce6 30. Qe5 Rf8 31. Re1 Qf7 32. Rd2 b6 33. axb6 axb6 34. Qe3 Qf4 35. Bd5 Qxe3 36. Rxe3 b5 37. Rxe6 Nxe6 38. Bxe6+ Rcf7 39. cxb5 h5 40. Rd7 hxg4 41. hxg4 1-0

[Event "GER-ch 71st"]
[Site "Altenkirchen"]
[Date "1999.11.17"]
[Round "6"]
[White "Bruch, Jochen"]
[Black "Riegler, Dieter"]
[Result "1-0"]
[WhiteElo "2320"]
[BlackElo "2194"]
[EventDate "1999.11.12"]
[PlyCount "59"]

1. Nf3 Nf6 2. g3 g6 3. Bg2 Bg7 4. O-O O-O 5. c4 d6 6. Nc3 Nc6 7. Rb1 a5 8. a3 e5 9. b4 axb4 10. axb4 h6 11. b5 Ne7 12. d3 Be6 13. Bd2 Qd7 14. Re1 Bh3 15. Bh1 g5 16. Qb3 Kh8 17. c5 Ng4 18. b6 c6 19. cxd6 Qxd6 20. Ne4 Qd8 21. Bb4 f5 22. Nexg5 hxg5 23. Nxg5 Nxf2 24. Nf7+ Rxf7 25. Qxf7 Nd5 26. Bxd5 cxd5 27. Kxf2 Qxb6+ 28. e3 Ra2+ 29. Kg1 Bg4 30. Bf8 1-0

[Event "GER-ch 71st"]
[Site "Altenkirchen"]
[Date "1999.11.17"]
[Round "6"]
[White "Gutman, Lev"]
[Black "Schmidt, Reiner"]
[Result "1-0"]
[WhiteElo "2471"]
[BlackElo "2144"]
[EventDate "1999.11.12"]
[PlyCount "75"]

1. Nf3 g6 2. g3 Bg7 3. d4 Nf6 4. Bg2 O-O 5. O-O d6 6. a4 Nc6 7. a5 a6 8. d5 Nb8 9. Nd4 e5 10. dxe6 fxe6 11. b4 d5 12. c3 c5 13. bxc5 e5 14. Nc2 Nc6 15. Nb4 Be6 16. Nd2 Qd7 17. e4 Rad8 18. Nxd5 Nxd5 19. exd5 Bxd5 20. Ne4 Qc7 21. Qa4 Kh8 22. Bg5 Ne7 23. Qb4 Rd7 24. Qb6 Rc8 25. Nd6 Qxb6 26. cxb6 Bxg2 27. Kxg2 Rc5 28. Bxe7 Rxe7 29. Ne4 Rc8 30. Rfd1 Bf8 31. Rd5 Kg7 32. Rad1 Rb8 33. Rc5 Kg8 34. Rdd5 Re6 35. Rc7 Be7 36. Rdd7 Kf8 37. Rxb7 Rxb7 38. Rxb7 1-0

[Event "GER-ch 71st"]
[Site "Altenkirchen"]
[Date "1999.11.17"]
[Round "6"]
[White "Heinemann, Thies"]
[Black "Kersten, Uwe"]
[Result "1/2-1/2"]
[WhiteElo "2489"]
[BlackElo "2366"]
[EventDate "1999.11.12"]
[PlyCount "212"]

1. e4 c5 2. Nc3 Nc6 3. Nge2 g6 4. d4 cxd4 5. Nxd4 Bg7 6. Be3 d6 7. Qd2 Nf6 8. f3 O-O 9. O-O-O Nxd4 10. Bxd4 Be6 11. Kb1 Qc7 12. h4 Rfc8 13. h5 Qa5 14. hxg6 hxg6 15. a3 Rab8 16. Bd3 b5 17. Qg5 a6 18. Rh2 Rc5 19. Bxc5 dxc5 20. Qxc5 Nd7 21. Qb4 Qc7 22. Rdh1 a5 23. Qxe7 Bf6 24. Nd5 Bxd5 25. e5 Qxe5 26. Qxe5 Bxe5 27. Rh4 Nc5 28. Rd1 Nxd3 29. Rxd3 Be6 30. Re4 Bf6 31. Rd6 Kg7 32. Ra6 Bf5 33. Re2 a4 34. Ka2 Rc8 35. Kb1 Rd8 36. g4 Rd1+ 37. Ka2 Be6+ 38. Rexe6 fxe6 39. Rxe6 Rf1 40. Rb6 Rxf3 41. Rxb5 Rf4 42. g5 Be7 43. b4 axb3+ 44. Kxb3 Rf5 45. a4 Bxg5 46. c4 Be3 47. a5 Kf6 48. Kb4 Ke6 49. c5 Rf4+ 50. Kb3 Kd5 51. c6+ Kxc6 52. Re5 Rf3 53. Re6+ Kb5 54. Rxg6 Bc5+ 55. Kc2 Kxa5 56. Rg4 Bb4 57. Rg5+ Ka4 58. Re5 Rc3+ 59. Kd1 Kb3 60. Ke2 Bc5 61. Re4 Kc2 62. Re5 Rc4 63. Rd5 Bd4 64. Rd8 Ra4 65. Rc8+ Bc3 66. Ke3 Ra7 67. Rd8 Re7+ 68. Kf4 Ba5 69. Rd5 Bd2+ 70. Kf5 Kc3 71. Rd6 Rc7 72. Ke4 Rc5 73. Rd3+ Kc2 74. Rd5 Rc8 75. Rd6 Kd1 76. Kd3 Rc3+ 77. Kd4 Rg3 78. Rd7 Ke2 79. Re7+ Be3+ 80. Kc4 Kd2 81. Rd7+ Ke2 82. Kd5 Bd4 83. Ke4 Re3+ 84. Kd5 Kd3 85. Kd6 Rh3 86. Kd5 Rh5+ 87. Kd6 Ke4 88. Re7+ Be5+ 89. Kc5 Rh1 90. Rd7 Rc1+ 91. Kb5 Bd4 92. Rd8 Kd3 93. Rd7 Rb1+ 94. Kc6 Kc4 95. Rb7 Rh1 96. Rc7 Rh6+ 97. Kd7+ Kd5 98. Rb7 Bc5 99. Rc7 Bb6 100. Rb7 Rh7+ 101. Kc8 Rh6 102. Kd7 Rg6 103. Kc8 Kc6 104. Rc7+ Kd6 105. Rd7+ Kc6 106. Rc7+ Bxc7 1/2-1/2

[Event "GER-ch 71st"]
[Site "Altenkirchen"]
[Date "1999.11.17"]
[Round "6"]
[White "Hickl, Joerg"]
[Black "Bischoff, Klaus"]
[Result "1/2-1/2"]
[WhiteElo "2552"]
[BlackElo "2509"]
[EventDate "1999.11.12"]
[PlyCount "111"]

1. g3 Nf6 2. Bg2 d5 3. Nf3 c5 4. c4 d4 5. O-O Nc6 6. d3 e5 7. Na3 Be7 8. Nc2 O-O 9. a3 a5 10. Rb1 a4 11. Bg5 Qc7 12. e3 Bf5 13. exd4 exd4 14. Nce1 Rfe8 15. Bxf6 Bxf6 16. Nd2 Bd8 17. Bd5 Qd7 18. Ndf3 h6 19. Ng2 Na5 20. Re1 Bc7 21. Qc2 Rab8 22. Nd2 b5 23. Nh4 Bh7 24. Be4 f5 25. Bg2 g5 26. Nhf3 f4 27. cxb5 Qxb5 28. Rxe8+ Rxe8 29. Bf1 Nb3 30. Ne4 Qc6 31. Nfd2 Nxd2 32. Nxd2 Rf8 33. Bg2 f3 34. Bf1 g4 35. b4 axb3 36. Qc4+ Kg7 37. Nxb3 Bg8 38. Qxc5 Qxc5 39. Nxc5 Bd6 40. Rb7+ Kh8 41. Nd7 Rf7 42. a4 Re7 43. a5 Be6 44. a6 Rxd7 45. a7 Rd8 46. Rb6 Bd5 47. h3 Kg7 48. hxg4 Kf6 49. Bh3 Ke5 50. g5 hxg5 51. Rb5 Bc7 52. Bg4 Kd6 53. Rxd5+ Kxd5 54. Bxf3+ Ke5 55. a8=Q Rxa8 56. Bxa8 1/2-1/2

[Event "GER-ch 71st"]
[Site "Altenkirchen"]
[Date "1999.11.17"]
[Round "6"]
[White "Holzhaeuer, Mathias"]
[Black "Schunk, Eduard"]
[Result "1-0"]
[WhiteElo "2334"]
[BlackElo "2260"]
[EventDate "1999.11.12"]
[PlyCount "109"]

1. e4 e5 2. Nf3 Nc6 3. Bb5 d6 4. d4 Bd7 5. Nc3 exd4 6. Nxd4 Nf6 7. Bf4 Ne5 8. Be2 Be7 9. Qd2 O-O 10. O-O-O c6 11. f3 b5 12. g4 b4 13. Nb1 Ng6 14. Be3 d5 15. g5 Ne8 16. h4 Nd6 17. Nb3 Be6 18. Bc5 Nc4 19. Bxc4 dxc4 20. Qxb4 Bxc5 21. Qxc5 Qb6 22. Qxb6 axb6 23. Nd4 Rxa2 24. Nxc6 Nf4 25. Nc3 Raa8 26. Kd2 f6 27. Ke3 fxg5 28. hxg5 Rae8 29. Rd6 Bh3 30. Nd4 Bc8 31. Rxb6 Nh3 32. g6 h6 33. Rc6 Nf4 34. Nde2 Ne6 35. Rxc4 Ba6 36. Ra4 Bxe2 37. Nxe2 Ng5 38. f4 Ne6 39. Rf1 Rc8 40. c3 Rb8 41. b4 Rfc8 42. Rc1 Rc4 43. Kd3 Rbc8 44. Ra6 Nf8 45. Rd6 R4c7 46. c4 h5 47. c5 Rb7 48. Kc4 Rcb8 49. Rb1 h4 50. c6 Re7 51. Nc3 Ra8 52. e5 Ra3 53. Rd8 Re6 54. b5 Ra7 55. Rd6 1-0

[Event "GER-ch 71st"]
[Site "Altenkirchen"]
[Date "1999.11.17"]
[Round "6"]
[White "Janz, Frerik"]
[Black "Marchio, Enrico"]
[Result "1/2-1/2"]
[WhiteElo "2284"]
[BlackElo "2289"]
[EventDate "1999.11.12"]
[PlyCount "139"]

1. g3 g6 2. Bg2 Bg7 3. e4 c5 4. Ne2 Nc6 5. c3 b6 6. d4 Ba6 7. Be3 Bxe2 8. Kxe2 cxd4 9. cxd4 Nf6 10. h3 O-O 11. Nc3 e5 12. dxe5 Nxe5 13. Re1 Nc4 14. Bc1 b5 15. Rb1 Qa5 16. b4 Qb6 17. Kf1 Ng4 18. hxg4 Bxc3 19. Re2 Rac8 20. f4 Rfe8 21. Rb3 Bg7 22. Rd3 d6 23. g5 Rc7 24. Bf3 Rce7 25. Rd5 Qc6 26. Kg2 Rc7 27. e5 Nb6 28. exd6 Rxe2+ 29. Qxe2 Rc8 30. d7 Nxd7 31. Be3 Re8 32. Re5 Nxe5 33. Bxc6 Nxc6 34. Qxb5 Rxe3 35. Qxc6 Re2+ 36. Kf3 Rxa2 37. Qe8+ Bf8 38. b5 Ra3+ 39. Kf2 Rd3 40. Qa8 Rd7 41. Ke3 Re7+ 42. Kf3 Rc7 43. g4 Rc3+ 44. Ke4 Rc4+ 45. Kd3 Ra4 46. f5 Ra3+ 47. Kc2 Ra5 48. Qb8 Ra4 49. f6 Rc4+ 50. Kd1 Rc5 51. Qxa7 Rxb5 52. Qe3 Rb4 53. Qh3 Rd4+ 54. Ke2 Re4+ 55. Kf3 Re5 56. Kf4 Bd6 57. Kf3 Ra5 58. Qh6 Ra3+ 59. Ke4 Bf8 60. Qh4 Ra5 61. Kf3 Rb5 62. Ke3 Ra5 63. Kf3 Rb5 64. Ke3 h6 65. gxh6 Kh7 66. Kd3 Bxh6 67. Kc2 Rc5+ 68. Kd3 Rd5+ 69. Kc2 Rd4 70. Qh3 1/2-1/2

[Event "GER-ch 71st"]
[Site "Altenkirchen"]
[Date "1999.11.17"]
[Round "6"]
[White "Jussupow, Artur"]
[Black "Kindermann, Stefan"]
[Result "1/2-1/2"]
[WhiteElo "2636"]
[BlackElo "2527"]
[EventDate "1999.11.12"]
[PlyCount "40"]

1. d4 f5 2. g3 Nf6 3. Bg2 g6 4. c4 Bg7 5. Nc3 O-O 6. Nf3 d6 7. O-O Qe8 8. Qb3 Na6 9. c5+ Kh8 10. cxd6 exd6 11. Be3 Nh5 12. d5 f4 13. Bd4 Bxd4 14. Nxd4 fxg3 15. hxg3 Nxg3 16. fxg3 Qe3+ 17. Kh2 Qh6+ 18. Kg1 Qe3+ 19. Kh2 Qh6+ 20. Kg1 Qe3+ 1/2-1/2

[Event "GER-ch 71st"]
[Site "Altenkirchen"]
[Date "1999.11.17"]
[Round "6"]
[White "Kaeser, Udo"]
[Black "Krause, Ullrich"]
[Result "0-1"]
[WhiteElo "2334"]
[BlackElo "2263"]
[EventDate "1999.11.12"]
[PlyCount "94"]

1. e4 e6 2. d4 d5 3. Nc3 Nf6 4. e5 Nfd7 5. f4 c5 6. Nf3 Qb6 7. Be3 Qxb2 8. Nb5 cxd4 9. Nc7+ Kd8 10. Bxd4 Qa3 11. Nxa8 Nc6 12. c3 Nxd4 13. cxd4 Qc3+ 14. Kf2 Nc5 15. dxc5 Bxc5+ 16. Kg3 g5 17. fxg5 Rg8 18. Qc1 Qa5 19. Bd3 f6 20. exf6 e5 21. Bxh7 Qb4 22. Be4 b6 23. f7 Rh8 24. Qe1 Qa4 25. Rd1 Be6 26. g6 Ke7 27. g7 Rxa8 28. f8=Q+ Rxf8 29. gxf8=Q+ Kxf8 30. Rf1 Ke7 31. h3 dxe4 32. Ng5 Bc4 33. Kh2 e3 34. Rf3 e2 35. Rc1 Bd5 36. Qg3 Bd6 37. Qh4 Qxh4 38. Kh1 e1=Q+ 39. Rxe1 Qxe1+ 40. Kh2 e4+ 41. g3 exf3 42. h4 Qf2+ 43. Kh3 Be6+ 44. Nxe6 Kxe6 45. Kg4 Qxg3+ 46. Kh5 Kf7 47. a4 Qg6# 0-1

[Event "GER-ch 71st"]
[Site "Altenkirchen"]
[Date "1999.11.17"]
[Round "6"]
[White "Kaster, Martin"]
[Black "Suhl, Dirk"]
[Result "1/2-1/2"]
[WhiteElo "2072"]
[BlackElo "2360"]
[EventDate "1999.11.12"]
[PlyCount "58"]

1. d4 Nf6 2. Nf3 g6 3. c4 Bg7 4. Nc3 d5 5. cxd5 Nxd5 6. e3 O-O 7. Qb3 Nb6 8. Be2 Be6 9. Qc2 Nc6 10. O-O Nb4 11. Qd1 c5 12. dxc5 Qxd1 13. Rxd1 Nd7 14. Nd4 Nxc5 15. Nxe6 Nxe6 16. a3 Nc6 17. Bd2 Rfd8 18. Na4 Rd7 19. Bc3 Rxd1+ 20. Rxd1 Bxc3 21. Nxc3 Rd8 22. Rxd8+ Nexd8 23. b4 Kf8 24. Kf1 e6 25. Ke1 Ke7 26. Kd2 a5 27. b5 Ne5 28. Na4 Kd6 29. Kc3 Nd7 1/2-1/2

[Event "GER-ch 71st"]
[Site "Altenkirchen"]
[Date "1999.11.17"]
[Round "6"]
[White "Lutz, Christopher"]
[Black "Mueller, Karsten"]
[Result "1-0"]
[WhiteElo "2591"]
[BlackElo "2533"]
[EventDate "1999.11.12"]
[PlyCount "59"]

1. e4 e6 2. d4 d5 3. Nc3 Bb4 4. e5 c5 5. a3 Ba5 6. b4 cxd4 7. Qg4 Ne7 8. bxa5 dxc3 9. Qxg7 Rg8 10. Qxh7 Nbc6 11. Nf3 Qc7 12. Bf4 Bd7 13. Bd3 O-O-O 14. Bg3 Qxa5 15. O-O Qc5 16. Qh4 Rg7 17. Rfb1 a6 18. h3 Rdg8 19. Kh2 d4 20. Be4 Nd5 21. Bxd5 Qxd5 22. Rd1 Nxe5 23. Nxe5 Qxe5 24. Rxd4 Rxg3 25. fxg3 Bc6 26. Rad1 f6 27. Rg4 Re8 28. Rc4 Qe2 29. Rxc6+ bxc6 30. Qd4 1-0

[Event "GER-ch 71st"]
[Site "Altenkirchen"]
[Date "1999.11.17"]
[Round "6"]
[White "Mueller, Matthias"]
[Black "Jugelt, Tobias"]
[Result "0-1"]
[WhiteElo "2403"]
[BlackElo "2401"]
[EventDate "1999.11.12"]
[PlyCount "108"]

1. e4 Nf6 2. e5 Nd5 3. d4 d6 4. c4 Nb6 5. exd6 exd6 6. Nf3 Bf5 7. Bd3 Bxd3 8. Qxd3 Be7 9. O-O O-O 10. Nc3 Nc6 11. b3 Bf6 12. Bf4 d5 13. Rad1 Qd7 14. Ne5 Bxe5 15. dxe5 d4 16. Qg3 Kh8 17. Rfe1 Rae8 18. Ne4 Qe7 19. Ng5 h6 20. Nf3 Qc5 21. e6 Rxe6 22. Rxe6 fxe6 23. Bxc7 Rf7 24. Be5 Kg8 25. h3 Qa5 26. Bf4 Qxa2 27. Ne5 Qe2 28. Qd3 Qxd3 29. Nxd3 Nd7 30. Bd6 a5 31. Re1 Rf6 32. Kf1 Kf7 33. Re4 Rf5 34. Ke2 Nf6 35. Rf4 Rxf4 36. Bxf4 Nd7 37. Bd6 e5 38. f3 Ke6 39. Ba3 b6 40. g4 Nd8 41. h4 Nb7 42. b4 axb4 43. Bxb4 Ndc5 44. Nf2 Kf6 45. Ne4+ Nxe4 46. fxe4 Nc5 47. Kf3 g6 48. Bd2 h5 49. Bg5+ Ke6 50. gxh5 gxh5 51. Bd8 Na4 52. Bc7 Nb2 53. Bxb6 d3 54. Be3 Nxc4 0-1

[Event "GER-ch 71st"]
[Site "Altenkirchen"]
[Date "1999.11.17"]
[Round "6"]
[White "Osieka, Udo"]
[Black "Voigt, Roland"]
[Result "1/2-1/2"]
[WhiteElo "2342"]
[BlackElo "2147"]
[EventDate "1999.11.12"]
[PlyCount "110"]

1. c4 c5 2. Nf3 Nf6 3. Nc3 e6 4. g3 b6 5. Bg2 Bb7 6. O-O Be7 7. b3 O-O 8. Bb2 a6 9. Rc1 d6 10. e3 Nbd7 11. d4 cxd4 12. Nxd4 Bxg2 13. Kxg2 Qc7 14. Qe2 Rfe8 15. Rfd1 Rad8 16. Kg1 Bf8 17. Qf3 Ne5 18. Qg2 Qd7 19. Ne4 Nxe4 20. Qxe4 Ng6 21. Qc6 Qxc6 22. Nxc6 Rc8 23. Nd4 Red8 24. Nf3 h6 25. Kf1 Kh7 26. Ke2 Ne7 27. Ba3 Nc6 28. Rc2 b5 29. cxb5 axb5 30. Bb2 Nb4 31. Rxc8 Rxc8 32. a3 Na6 33. Rc1 Rxc1 34. Bxc1 d5 35. Nd4 Nc7 36. a4 bxa4 37. bxa4 Kg6 38. Bb2 f6 39. Kd1 Kf7 40. Kc2 e5 41. Nc6 Na6 42. f4 exf4 43. exf4 g6 44. Kd2 Bc5 45. Bd4 Bd6 46. Ke3 Ke6 47. Bb6 Kd7 48. Nd4 h5 49. Nb5 Bb4 50. f5 g5 51. Bd4 Be7 52. h3 Kc6 53. Na7+ Kb7 54. Nb5 Kc6 55. Na7+ Kb7 1/2-1/2

[Event "GER-ch 71st"]
[Site "Altenkirchen"]
[Date "1999.11.17"]
[Round "6"]
[White "Paulsen, Dirk"]
[Black "Grund, Holger"]
[Result "1/2-1/2"]
[WhiteElo "2331"]
[BlackElo "2482"]
[EventDate "1999.11.12"]
[PlyCount "219"]

1. d4 d5 2. c4 dxc4 3. Nf3 Nf6 4. e3 Bg4 5. Bxc4 e6 6. Nc3 Nbd7 7. h3 Bh5 8. g4 Bg6 9. Nh4 Be4 10. f3 Bd5 11. Nxd5 exd5 12. Bb3 Bb4+ 13. Ke2 c6 14. a3 Bf8 15. Nf5 g6 16. Ng3 Bd6 17. Kf2 h5 18. Bd2 Qe7 19. Rc1 O-O-O 20. Kg2 Kb8 21. Bc2 Rde8 22. b4 Bc7 23. Qe1 Qd6 24. Qf2 Nb6 25. Bd3 Na4 26. Bc2 Nb2 27. Rce1 Nc4 28. Bc1 a5 29. e4 hxg4 30. e5 gxh3+ 31. Kh2 Qd8 32. exf6 Rxe1 33. Rxe1 Qxf6 34. f4 g5 35. Bf5 axb4 36. fxg5 Qd6 37. axb4 Qxb4 38. Bf4 Bxf4 39. Qxf4+ Qd6 40. Qxd6+ Nxd6 41. Bxh3 Rg8 42. Re5 Nc4 43. Rf5 Nd6 44. Rf6 Nb5 45. Nf5 Rxg5 46. Rxf7 Rg6 47. Rd7 Rg5 48. Rf7 Rg6 49. Rd7 Rg5 50. Kh1 Ka7 51. Rf7 Rg6 52. Bf1 Nd6 53. Nxd6 Rxd6 54. Kg2 Re6 55. Bd3 Kb6 56. Bf5 Rh6 57. Bc8 Rh8 58. Bg4 Kb5 59. Be2+ Kb4 60. Rxb7+ Kc3 61. Rc7 Kd2 62. Bg4 Ke3 63. Rxc6 Kxd4 64. Kf3 Re8 65. Kf2 Kd3 66. Bf5+ Kd4 67. Bg4 Kd3 68. Be6 Rf8+ 69. Ke1 Rf6 70. Ra6 Kd4 71. Ra4+ Ke5 72. Bh3 Rf4 73. Ra5 Re4+ 74. Kf2 Rf4+ 75. Kg3 Rf8 76. Bg2 Rd8 77. Kf2 Kd4 78. Ke2 Kc3 79. Ra3+ Kd4 80. Kd2 Rg8 81. Bf3 Rd8 82. Ra4+ Ke5 83. Rh4 Kd6 84. Rh5 Kc5 85. Kd3 Rd6 86. Rh1 Ra6 87. Rc1+ Kd6 88. Ke3 Ke5 89. Be2 Ra3+ 90. Bd3 Ra4 91. Rh1 Rg4 92. Rh5+ Kd6 93. Kd2 Kc5 94. Be2 Rg3 95. Rf5 Rg8 96. Bf3 Rd8 97. Kd3 Rd6 98. Rf8 Ra6 99. Rc8+ Rc6 100. Rd8 Rd6 101. Ra8 Rb6 102. Kc3 Rf6 103. Rc8+ Rc6 104. Rf8 Ra6 105. Rf5 Rd6 106. Bd1 Rh6 107. Bb3 Rd6 108. Kd3 Rd8 109. Rh5 Rd6 110. Rxd5+ 1/2-1/2

[Event "GER-ch 71st"]
[Site "Altenkirchen"]
[Date "1999.11.17"]
[Round "6"]
[White "Reefschlaeger, Helmut"]
[Black "Rohde, Ulrich"]
[Result "1/2-1/2"]
[WhiteElo "2381"]
[BlackElo "2290"]
[EventDate "1999.11.12"]
[PlyCount "92"]

1. d4 Nf6 2. Nf3 e6 3. e3 g6 4. Be2 Bg7 5. Nbd2 b6 6. O-O Bb7 7. b4 Nd5 8. a3 Nc3 9. Qe1 Nxe2+ 10. Qxe2 c5 11. Rb1 O-O 12. Rd1 Qc7 13. c4 d6 14. Bb2 cxd4 15. exd4 Nd7 16. Rdc1 Rac8 17. Ne4 Qb8 18. Ned2 Rfe8 19. Rd1 Qa8 20. Re1 Nf6 21. Rbc1 Rc7 22. Rc2 Rec8 23. Qe3 Bxf3 24. gxf3 Nd5 25. Qg5 h5 26. Ra1 Kh7 27. c5 dxc5 28. dxc5 Bxb2 29. Rxb2 bxc5 30. Rc2 Qb7 31. bxc5 Rc6 32. Ne4 Qe7 33. Qxe7 Nxe7 34. Nd6 Rf8 35. Rb1 Nc8 36. Nb7 Kg7 37. a4 Ne7 38. Na5 Ra6 39. Rb5 Rc8 40. Nc4 Rxa4 41. Nd6 Rc6 42. Rb7 Kf8 43. Rd7 Rf4 44. Rb2 Nd5 45. Rb8+ Kg7 46. Rdd8 Nf6 1/2-1/2

[Event "GER-ch 71st"]
[Site "Altenkirchen"]
[Date "1999.11.17"]
[Round "6"]
[White "Riediger, Martin"]
[Black "Blum, Gernot"]
[Result "1/2-1/2"]
[WhiteElo "2230"]
[BlackElo "2128"]
[EventDate "1999.11.12"]
[PlyCount "87"]

1. d4 Nf6 2. Nf3 d5 3. c4 e6 4. Nc3 Be7 5. Bg5 h6 6. Bh4 dxc4 7. e3 c5 8. Bxc4 cxd4 9. Nxd4 O-O 10. O-O a6 11. Bg3 b5 12. Be2 Bb7 13. Bf3 Qb6 14. Bxb7 Qxb7 15. Qf3 Qxf3 16. Nxf3 Nc6 17. Rfd1 Rfd8 18. Ne5 Rac8 19. Nxc6 Rxc6 20. f3 b4 21. Rxd8+ Bxd8 22. Na4 Nd5 23. e4 Nb6 24. Rd1 Bc7 25. Bxc7 Nxa4 26. Ba5 Nxb2 27. Rd8+ Kh7 28. Bxb4 Rc4 29. a3 Rc2 30. Rd2 Rc1+ 31. Kf2 Nc4 32. Ra2 a5 33. Bd2 Nxd2 34. Rxd2 Rc3 35. a4 Rc4 36. Ra2 Kg6 37. Ke3 h5 38. g3 h4 39. gxh4 Kh5 40. Rg2 Kh6 41. Ra2 f6 42. Kf2 Kh5 43. Kg3 e5 44. Ra3 1/2-1/2